000 00660nam a22001697a 4500
005 20251108165320.0
008 250721s1999 xx 000 0 ara d
082 1 4 _a633.88/حسي
100 1 _aالحسيني، محمد أحمد
245 1 0 _aالمرشد الزراعي في زراعة النباتات الطبية للمشروبات الصحية :
_bالمغات - النعناع - الحلبة - اليانسون - الكراوية /
264 1 _aالقاهرة :
_bمكتبة إبن سينا للنشر،
_c1999.
300 _a48ص
650 1 7 _aالنباتات الطبية
650 1 7 _aطب الأعشاب
942 _2ddc
_cBK
999 _c24877
_d24877